Soccer Teams by Country - Logo - Statistics

General Stats
  • This quiz has been taken 1,527 times
  • The average score is 15 of 18
Answer Stats
Picture Hint Answer % Correct
Real Madrid Spain
100%
Arsenal England
97%
LA Galaxy United States
95%
Olympiacos Greece
91%
Bayern Munich Germany
89%
Inter Italy
89%
Al Nassr Saudi Arabia
88%
Galatasaray Turkey
88%
Benfica Portugal
86%
Santos Brazil
85%
Monaco France
85%
Ajax Netherlands
85%
Anderlecht Belgium
80%
Lech Poznan Poland
79%
Celtic Scotland
79%
Boca Juniors Argentina
78%
Vissel Kobe Japan
61%
Wellington Pheonix Australia
56%
No matching quizzes found
Score Distribution
Percent of People with Each Score
Percentile by Number Answered
Your Score History
You have not taken this quiz